|
|
|
|
| LEADER |
00612nam a22001812a 4500 |
| 001 |
000338919 |
| 003 |
CZ BrMZK |
| 005 |
19980107143423.0 |
| 008 |
980107s1943 xr f cze d |
| 040 |
|
|
|a BOA001
|b cze
|
| 100 |
1 |
|
|a Sula, Pavel,
|d 1882-1975
|7 jk01121770
|4 com
|
| 245 |
1 |
0 |
|a Zářivá křídla :
|b devatero povídek : pro mládež od 10 do 14 let /
|c [autor:] Pavel Sula
|
| 250 |
|
|
|a 1. vyd.
|
| 260 |
|
|
|a Praha :
|b Česká grafická Unie,
|c 1943
|
| 300 |
|
|
|a 170 s.
|
| 910 |
|
|
|a BOA001
|b PK-0051.927
|
| 990 |
|
|
|a BK
|
| 996 |
7 |
|
|b 3119804284
|c PK-0051.927
|l MZK
|r Sklad / do 1 hodiny
|n 3
|w 000338919
|u 000010
|a 1
|e BOA001
|j MZK50
|s A
|